| 000 | 00513nam a2200181Ia 4500 | ||
|---|---|---|---|
| 003 | GCL | ||
| 008 | 140319s9999 xx 000 0 eng d | ||
| 040 |
_aGCL / _cGCL |
||
| 082 | 0 | 4 |
_a006.3 _bF N |
| 100 | 1 | _aFREEMAN, JAMES | |
| 245 | 1 | 0 |
_aNEURAL NETWORKS: APPLICATIONS AND PROGRAMMING TECHNIQUES / _cFREEMAN, JAMES |
| 260 |
_a[S.N] : _bADDISON - WESLEY PUBLISHING COMPANY ، _c1992 |
||
| 300 | _a401 P | ||
| 650 | 0 | 4 | _aشعر الحرب |
| 650 | 0 | 4 | _aNEURAL NETWORKS |
| 650 | 0 | 4 | _aALGORITHMS |
| 942 |
_2ddc _cBK |
||
| 999 |
_c23979 _d23979 |
||